000 00641nam a2200229Ia 4500
005 20260320201800.0
008 008 262003s9999 xx 000 0 eng d
037 _aEBOOK
040 _aCRL
040 _beng
040 _cCRL
041 _2eng
041 _aeng
084 _qCRL
100 _aUmer
_91135921
245 0 _aArchitecture and Design of the Linux Storage Stack: Gain a deep understanding of the Linux storage landscape and its well-coordinated layers
260 _bIEEE
856 _uhttps://ieeexplore.ieee.org/servlet/opac?bknumber=10251279
942 _cEBOOK
999 _c1723508
_d1723508